Microfinance and sustainable development in Africa / (Record no. 31539)

000 -LEADER
fixed length control field 02631cam a2200373 i 4500
001 - CONTROL NUMBER
control field 22178672
005 - DATE AND TIME OF LATEST TRANSACTION
control field 20230314114603.0
008 - FIXED-LENGTH DATA ELEMENTS--GENERAL INFORMATION
fixed length control field 210816s2022 paua b 001 0 eng
010 ## - LIBRARY OF CONGRESS CONTROL NUMBER
LC control number 2021040439
020 ## - INTERNATIONAL STANDARD BOOK NUMBER
International Standard Book Number 9781799874997
020 ## - INTERNATIONAL STANDARD BOOK NUMBER
International Standard Book Number 9781799875000
020 ## - INTERNATIONAL STANDARD BOOK NUMBER
Canceled/invalid ISBN 9781799875017
040 ## - CATALOGING SOURCE
Original cataloging agency IEN/DLC
Language of cataloging eng
Description conventions rda
Transcribing agency DLC
Modifying agency DLC
042 ## - AUTHENTICATION CODE
Authentication code pcc
043 ## - GEOGRAPHIC AREA CODE
Geographic area code fb-----
050 00 - LIBRARY OF CONGRESS CALL NUMBER
Classification number HC800.Z9
Item number E5483 2022
082 04 - DEWEY DECIMAL CLASSIFICATION NUMBER
Classification number 338.967
Edition number 23
245 00 - TITLE STATEMENT
Title Microfinance and sustainable development in Africa /
Statement of responsibility, etc. Yahaya Alhassan, University of Sunderland in London, UK, Uzoechi Nwagbara, University of the WEst Scot;and, UK & Cardiff Metropolitan University, UK.
260 ## - PUBLICATION, DISTRIBUTION, ETC. (IMPRINT)
Place of publication, distribution, etc. Hershey, PA, :
Name of publisher, distributor, etc. Business Science Reference, an imprint of IGI Global,
Date of publication, distribution, etc. 2022.
300 ## - PHYSICAL DESCRIPTION
Extent xxxi, 368 pages :
Other physical details illustrations ;
Dimensions 27 cm
504 ## - BIBLIOGRAPHY, ETC. NOTE
Bibliography, etc Includes bibliographical references (pages 306-360) and index.
505 00 - FORMATTED CONTENTS NOTE
Title Reconnoitering the possibilities of Sustainable Microfinance based on Indian experience for the preservation of magnificent African natural resources /
Statement of responsibility Manpreet Arora, Swati Singh, Roshan Sharma --
Title Service failure, recovery and sustainable development: Towards justice in the extractive industry Nigeria /
Statement of responsibility Anthony Kalagbor --
Title The Shortfalls of the Nigeria Oil and Gas Act 2010 in Achieving Sustainable Development /
Statement of responsibility Manuchim Adele --
Title The Relationship between Developmental Social Work, Poverty Alleviation, and Sustainable Development in Nigeria: Issues, Challenges, and Opportunities /
Statement of responsibility Chigozie Ugwoji, Uzoechi Nawgbara --
Title Role of Microfinance in Entrepreneurship Development /
Statement of responsibility Neeta Baporikar --
Title Investigating Entrepreneurial Success Factors of Businesses Owned by Nigerian Women in the UK /
Statement of responsibility Victoria Temitope, Seema Sharma.
520 ## - SUMMARY, ETC.
Summary, etc. "This book offers great insight into theoretical, policy-oriented and practical ways to address some of the challenges of using microfinance for sustainable development in Africa"--
650 #0 - SUBJECT ADDED ENTRY--TOPICAL TERM
Topical term or geographic name as entry element Sustainable development
Geographic subdivision Africa, Sub-Saharan.
650 #0 - SUBJECT ADDED ENTRY--TOPICAL TERM
Topical term or geographic name as entry element Microfinance
Geographic subdivision Africa, Sub-Saharan.
650 #0 - SUBJECT ADDED ENTRY--TOPICAL TERM
Topical term or geographic name as entry element Poverty
Geographic subdivision Africa, Sub-Saharan.
651 #0 - SUBJECT ADDED ENTRY--GEOGRAPHIC NAME
Geographic name Africa, Sub-Saharan
General subdivision Economic conditions
Chronological subdivision 21st century.
700 1# - ADDED ENTRY--PERSONAL NAME
Personal name Alhassan, Yahaya,
Dates associated with a name 1971-
Relator term editor.
700 1# - ADDED ENTRY--PERSONAL NAME
Personal name Nwagbara, Uzoechi,
Relator term editor,
-- author.
776 08 - ADDITIONAL PHYSICAL FORM ENTRY
Relationship information Online version:
Title Microfinance and sustainable development in Africa
Place, publisher, and date of publication Hershey : Business Science Reference, 2021
International Standard Book Number 9781799875017
Record control number (DLC) 2021040440
906 ## - LOCAL DATA ELEMENT F, LDF (RLIN)
a 7
b cbc
c orignew
d 1
e ecip
f 20
g y-gencatlg
942 ## - ADDED ENTRY ELEMENTS (KOHA)
Source of classification or shelving scheme
Koha item type Hard Covered Materials
Classification part HC800.Z9E5483 2022
Holdings
Withdrawn status Lost status Source of classification or shelving scheme Damaged status Not for loan Home library Current library Shelving location Date acquired Source of acquisition Cost, normal purchase price Total Checkouts Full call number Barcode Date last seen Price effective from Koha item type
          MACHAKOS UNIVERSITY LIBRARY MACHAKOS UNIVERSITY LIBRARY Open shelf 14/03/2023 Purchase (UBC) 24500.00   HC800.Z9E5483 2022 39324 21/03/2023 14/03/2023 Hard Covered Materials
© Machakos University Library, Along The Highway, Machakos Wote Rd, Machakos, Kenya P.O. Box 136 - 90100 Machakos - Kenya

Tel: ( +254 ) 723 805829 OR Fax : 044-20353 OR Email: library@mksu.ac.ke